[Event "XLIII Sevilla Open 2018"]
[Site "Sevilla"]
[Date "2018.01.16"]
[Round "5"]
[White "Anurag, Mhamal"]
[Black "Schoorl, Rob"]
[Result "1-0"]
[WhiteElo "2472"]
[BlackElo "2275"]
[Annotator "TA"]
[PlyCount "113"]
[EventDate "2018.??.??"]
[EventType "swiss"]
[EventCountry "ESP"]
[SourceTitle "playchess.com"]
[Source "ChessBase"]
[SourceQuality "1"]

{[%evp 20,113,40,40,41,33,33,28,27,35,32,28,25,30,29,32,58,62,69,0,0,-14,-19,-16,-14,-100,-107,-72,-85,-81,-8,-19,-16,-24,-8,-18,-7,-100,-98,-89,-108,-105,-83,-88,-5,-4,0,0,-9,-23,-26,-33,-30,-205,-189,-461,-446,-6094,-6094,-5812,-5705,-2544,-2249,-6127,-6107,-5385,-876,-521,-1141,-1112,-1091,-1041,-1070,-1034,-1008,-975,0,0,0,-941,-914,-734,-715,-583,12,30,33,32,29994,29995,29995,29996,29996,29997,29997,29998]} 1. e4 c5 2. Nf3 g6 3. d4 cxd4 4. Nxd4 Nc6 5. c4 Bg7 6. Be3 Nf6 7. Nc3 O-O 8. Be2 d6 9. O-O Bd7 10. Qd2 Nxd4 11. Bxd4 Bc6 {B38: Sicilian: Maroczy Bind with 5...Bg7 and 7...0-0} 12. Qd3 (12. f3 a5 13. b3 Nd7 14. Be3 Nc5 15. Rab1 Qb6 16. Rfc1 Rfc8 17. Bf1 Qb4 18. Qb2 Qb6 19. Kh1 h5 20. a3 Qd8 21. Rd1 b6 22. Qd2 Kh7 23. Ne2 Ne6 24. Nc3 Nc5 25. Nd5 {1-0 (61) Bu,X (2730)-Savchenko,B (2566) Riadh 2017}) 12... a5 13. Rad1 Nd7 {White has an edge.} 14. Bxg7 Kxg7 15. Qd4+ Kg8 16. Bg4 Nf6 17. Bh3 e5 18. Qe3 $146 {c5 is the strong threat.} ({Predecessor:} 18. Qxd6 Qxd6 19. Rxd6 Nxe4 20. Nxe4 Bxe4 {½-½ (30) Surman,M (2120)-Szumilas,P (2164) Lubawka 2008}) 18... Qe7 19. f4 (19. Rd3 $14) 19... exf4 $11 20. Rxf4 Rae8 {[%cal Rf6e4]} 21. Re1 Qe5 22. Qf2 (22. Qd2 $1 $11) 22... Nh5 $1 $17 {[%cal Rh5f4]} 23. Rf3 {[#]} f5 $1 {[%cal Rf5e4][%mdl 512]} 24. Rf1 (24. exf5 Qxe1+) 24... Bxe4 ({Black should play} 24... a4 $17) 25. Nxe4 $11 Qxe4 {[#]} 26. g4 $1 {[%cal Rg4h5][%mdl 512]} Nf6 (26... fxg4 27. Rxf8+) 27. gxf5 g5 28. Rb3 (28. Rc3 $11 {keeps the balance.}) 28... Qxc4 $17 29. Rxb7 Re2 30. Qa7 Qh4 (30... Qxa2 $6 31. Bg2 $11) 31. Rb3 Nh5 ({Black should try} 31... Qe4 $17 32. Rg3 h6) 32. f6 $1 $132 {[%mdl 2048] White is fighting back} Nxf6 33. Rbf3 g4 34. Qd4 {[%cal Rf3f6]} Kg7 35. Rg3 {Threatens to win with Rxf6!} h5 36. Rf5 $2 (36. Bg2 $11 {and White has nothing to worry.}) 36... Rc8 $19 {Strongly threatening ...Rc1+.} 37. Qf4 $2 (37. Rf1 {keeps fighting.}) 37... Rcc2 {And now ...Re1+ would win.} 38. Qxd6 (38. Rb3 $142 Qe1+ 39. Qf1 gxh3 40. Rb7+ Kg8 41. Rb8+ Kg7 42. Rb7+ Kg8 43. Rb8+ Kg7 44. Rb7+) 38... Re1+ 39. Rf1 Rxf1+ 40. Kxf1 Qg5 41. Kg1 h4 42. Qe7+ Kh6 (42... Kg6 $142 43. Qe8+ Nxe8 44. Rxg4 Rxb2 45. Rxg5+ Kxg5) 43. Qf8+ Kg6 44. Rxg4 Nxg4 ({And not} 44... Rc1+ 45. Kg2 $11) 45. Qg8+ Kf5 46. Qd5+ Kf4 $1 47. Qd4+ Kf5 $2 (47... Kf3 $19 48. Qd1+ Kf4 49. Qd4+ Kf5 50. Qd5+ Kg6 51. Qg8+ Kh5 52. Qe8+ Qg6 53. Bxg4+ Kg5 54. Qxg6+ Kxg6) 48. Qd5+ $1 $11 ({But not} 48. Qd3+ $2 Ke5 $19) 48... Kf4 49. Qd4+ Kf3 50. Qd1+ {[#]} Re2 $1 51. Bg2+ {[#]} Ke3 $2 (51... Kf4 $1 $19 52. Qd4+ Kf5 53. Qd3+ Kf6 54. Qxe2 Qc5+ 55. Kf1 Qc1+ 56. Qe1 Qf4+ 57. Kg1 Qd4+ 58. Kf1 h3) 52. Qc1+ Rd2 {( -> ...Qf4)} 53. Qe1+ {[%mdl 1024] White has compensation.} Kd4 $2 {[%mdl 8192]} (53... Re2 $14 54. Qc3+ (54. Qc1+ Rd2 $16) 54... Kf4 55. Qf3+ Ke5 56. Qxe2+ Kf6) 54. Qe4+ {White mates.} Kc5 55. Qc6+ Kb4 56. Qc3+ Kb5 {[#]} 57. a4+ $1 {[%mdl 512] Precision: White = 35%, Black = 69%.} 1-0

[Event "XLIII Sevilla Open 2018"]
[Site "Sevilla"]
[Date "2018.01.16"]
[Round "5"]
[White "Pulvett Marin, Daniel"]
[Black "Veiga, Jose Francisco R P "]
[Result "1-0"]
[WhiteElo "2438"]
[BlackElo "2222"]
[Annotator "TA"]
[PlyCount "59"]
[EventDate "2018.??.??"]
[EventType "swiss"]
[EventCountry "ESP"]
[SourceTitle "playchess.com"]
[Source "ChessBase"]
[SourceQuality "1"]

{[%evp 25,59,0,54,50,66,0,8,8,88,68,69,54,61,55,52,46,47,25,116,108,122,72,193,193,170,148,222,220,360,234,29986,29987,29993,29994,29995,29996]} 1. d4 Nf6 2. c4 c5 3. d5 e6 4. Nc3 exd5 5. cxd5 d6 6. Nf3 g6 7. Nd2 a6 8. a4 Nbd7 9. e4 Bg7 10. Be2 O-O 11. O-O Re8 12. Re1 Rb8 13. Qc2 {A77: Benoni (Hauptsystem)} (13. h3 Qc7 14. Qc2 h6 15. Ra3 g5 16. Nf1 Ne5 17. f4 gxf4 18. Bxf4 Ng6 19. Bh2 c4 20. a5 b5 {0-1 (39) Navara,D (2734)-Akopian,V (2648) Berlin 2015}) 13... Qc7 {LiveBook: 5 Partien} (13... Ne5 $11) 14. Nf1 b6 15. Ne3 (15. Be3 $14) 15... Ne5 $11 16. h3 $146 ({Vorgänger:} 16. Bd2 Neg4 17. Nf1 c4 18. h3 Ne5 19. Be3 Rb7 20. Nd2 b5 21. axb5 axb5 {1-0 (40) Beil,Z (2390)-Travnicek,P (2295) Olomouc 1988}) 16... Bh6 (16... c4 $1 $11 {bleibt in der Remisbreite.}) 17. Nc4 Bxc1 18. Qxc1 Nxc4 19. Bxc4 Qe7 20. f4 Nh5 21. Be2 Qh4 (21... Ng3 $11) 22. Bxh5 $1 $16 Qxh5 23. Qe3 b5 (23... f6 $16 {ist eine bessere Verteidigung.}) 24. axb5 axb5 25. e5 $36 {[%mdl 2048] Läuft bei Weiss.} dxe5 (25... Bf5 $16) 26. Ne4 (26. Qxc5 $6 Bxh3 27. Ne4 (27. gxh3 Qxh3 28. Qf2 Qg4+ 29. Qg2 Qxf4 $16) 27... Kg7) 26... Kg7 (26... Qh4 $142 27. fxe5 (27. Qxc5 Qxf4 28. Re2 Qh4 $16) (27. Nxc5 e4 $18) 27... Rxe5) 27. Ra7 {Und Sd6 würde nun gewinnen.} ({Keinesfalls} 27. Nxc5 Rd8 $18) ({Nicht} 27. Qxc5 Bxh3 28. Qc6 (28. gxh3 Qxh3 29. Qf2 Qg4+ 30. Qg2 Qxg2+ 31. Kxg2 exf4 $16) 28... Bxg2 $16) 27... exf4 $2 {[#]} (27... Bb7 $18) 28. Rxf7+ $1 {[%mdl 512] Weiß setzt Matt.} Kh8 (28... Kxf7 29. Nd6+) 29. Qc3+ Qe5 30. Nd6 {Precision: Weiß = 69%, Schwarz = 29%.} 1-0

[Event "XLIII Sevilla Open 2018"]
[Site "Sevilla"]
[Date "2018.01.16"]
[Round "5"]
[White "Swayams, Mishra"]
[Black "Vasquez Schroeder, Rodrigo"]
[Result "1/2-1/2"]
[WhiteElo "2432"]
[BlackElo "2554"]
[Annotator "TA"]
[PlyCount "73"]
[EventDate "2018.??.??"]
[EventType "swiss"]
[EventCountry "ESP"]
[SourceTitle "playchess.com"]
[Source "ChessBase"]
[SourceQuality "1"]

{[%evp 19,73,61,84,48,40,28,36,0,-5,-57,-43,-52,-23,-23,6,0,8,8,14,-47,-46,-39,-33,-28,-50,-56,-49,-83,-70,-71,-42,-42,-41,-53,-26,-96,-89,-195,-203,-207,-214,-222,-212,-210,-46,-36,-25,-64,-64,-77,-60,-66,-62,-77,0,-21]} 1. d4 Nf6 2. Nf3 e6 3. c4 Bb4+ 4. Nbd2 O-O 5. a3 Be7 6. e4 d6 {E11: Bogo-Indian} 7. Be2 c5 8. d5 Nbd7 (8... e5 9. Qc2 Nbd7 10. Nf1 a6 11. Bd2 Nh5 12. g3 g6 13. Ne3 Ng7 14. Bd3 {½-½ (35) Ding,L (2774)-Carlsen,M (2837) Saint Louis 2017}) 9. O-O e5 10. Ne1 Ne8 {LiveBook: 5 Games} 11. g3 g6 12. Ng2 Ng7 13. f4 $146 ({Predecessor:} 13. Nb1 f5 {½-½ (13) Mareco,S (2648)-Vasquez Schroder,R (2554) Villa Martelli 2017}) 13... exf4 14. gxf4 (14. Nxf4 $11 Bf6 15. Nf3) 14... f5 $15 15. Bd3 Bf6 (15... b5 $5) 16. Kh1 Nb6 17. Rb1 fxe4 (17... Qc7 {with more complications.} 18. b3 Bd7 19. e5 dxe5 20. fxe5 Bxe5 21. Nf3 Bf6) 18. Nxe4 Bf5 19. Nxf6+ (19. b3 $11) 19... Qxf6 20. b3 Bxd3 21. Qxd3 Qf5 22. Qxf5 Nxf5 23. Bb2 Rae8 24. Rfe1 Kf7 25. Kg1 Nd7 26. Kf2 Nf6 27. Kf3 {[#]} (27. Bxf6 $11 Kxf6 28. Rxe8 Rxe8 29. Re1 Rxe1 30. Nxe1) 27... b5 $1 $17 {[%mdl 512]} 28. Bc3 {[#]} (28. cxb5 $17 {was necessary.} Nxd5 29. a4) 28... Rxe1 $1 $19 29. Nxe1 Re8 {aiming for ...Re3+.} 30. Bxf6 Kxf6 {[%mdl 4096] Endgame KRN-KRN} 31. Nc2 Rb8 $2 ({Black should play} 31... bxc4 $19 {Strongly threatening ...Nh4+.} 32. bxc4 Nh4+ 33. Kf2 Re4) 32. cxb5 $15 Rxb5 {White must now prevent ...c4!} 33. a4 Rb7 34. Ke4 a6 35. Kd3 Ne7 36. Ke4 Nf5 (36... a5 $17) 37. Kd3 $1 {Precision: White = 36%, Black = 54%.} 1/2-1/2

[Event "XLIII Sevilla Open 2018"]
[Site "Sevilla"]
[Date "2018.01.16"]
[Round "5"]
[White "Starostits, Ilmars"]
[Black "Dvirnyy, Danyyil"]
[Result "0-1"]
[WhiteElo "2431"]
[BlackElo "2534"]
[Annotator "TA"]
[PlyCount "72"]
[EventDate "2018.??.??"]
[EventType "swiss"]
[EventCountry "ESP"]
[SourceTitle "playchess.com"]
[Source "ChessBase"]
[SourceQuality "1"]

{[%evp 10,71,7,-8,-5,-10,1,6,4,8,0,0,0,-8,17,19,4,0,0,0,8,5,7,0,6,12,8,-8,-10,-18,0,0,0,0,7,0,0,-22,-18,-71,-62,-70,0,-16,-16,-39,-5,-39,-38,-160,-152,-152,-156,-137,0,-60,-25,-40,-32,-193,-39,-109,0,-29999]} 1. d4 Nf6 2. Nf3 g6 3. Nc3 d5 4. Bf4 Bg7 5. Qd2 O-O 6. Bh6 Ne4 {D00: 1 d4 d5: Unusual lines} 7. Qe3 Bxh6 $146 ({Predecessor:} 7... Nxc3 8. Bxg7 Kxg7 9. Qxc3 Bf5 10. e3 Qd6 11. O-O-O Nd7 12. Nh4 Be6 13. f4 f5 14. h3 {1-0 (57) Jones,G (2665)-Tari,A (2584) Wijk aan Zee 2017}) 8. Qxh6 f6 $1 {The position is equal.} 9. Qe3 Nxc3 10. Qxc3 Qd6 11. h4 Bf5 12. e3 Nd7 13. Bd3 Bxd3 14. cxd3 Rac8 15. O-O c5 16. Rac1 Rc7 17. dxc5 Rxc5 18. Qd4 Rfc8 19. Rxc5 Qxc5 20. Qg4 Nf8 21. h5 Qc6 22. hxg6 hxg6 23. Nh4 Qe6 $36 {[%mdl 2048] Black is pushing.} 24. Qg3 (24. Qa4 $11 {keeps the balance.}) 24... Kf7 $17 25. f4 Qd6 (25... Qa6 $15 26. Qg4 e6) 26. Qh3 e6 27. g4 Kg7 28. Nf3 Qb6 29. d4 ({White should play} 29. Nd4 $15) 29... Qxb2 30. g5 {[#]} f5 $1 31. Ne5 {Qh6+ is the strong threat.} Qe2 (31... Kg8 $17 32. Rf2 Qb1+ 33. Kh2 Rc7) 32. a4 (32. Rf2 $1 $11 Qd1+ 33. Qf1) 32... Rc3 33. Rf2 Qe1+ 34. Kg2 $2 {[#]} (34. Rf1 $1 $15 Qe2 35. Qf3) 34... Rc1 $2 ({Weaker is} 34... Qxe3 35. Qxe3 Rxe3 36. Rc2 $11) (34... Kg8 $1 $19 35. Rf1 Rc2+ 36. Kg1 Qb4) 35. a5 (35. Kf3 $15) 35... Rd1 ({Black should try} 35... Kg8 $17 36. Kf3 Qd1+ 37. Kg2 Ra1) 36. Qg3 $2 {[%mdl 8192]} (36. Kf3 $11) 36... Qh1# {Precision: White = 37%, Black = 46%.} 0-1

[Event "XLIII Sevilla Open 2018"]
[Site "Sevilla"]
[Date "2018.01.16"]
[Round "5"]
[White "Ondersteijn, Niels"]
[Black "Santos Latasa, Jaime"]
[Result "0-1"]
[WhiteElo "2370"]
[BlackElo "2546"]
[Annotator "TA"]
[PlyCount "94"]
[EventDate "2018.??.??"]
[EventType "swiss"]
[EventCountry "ESP"]
[SourceTitle "playchess.com"]
[Source "ChessBase"]
[SourceQuality "1"]

{[%evp 32,94,0,0,-6,-2,5,-54,-48,-68,-67,-129,-124,-120,-132,-154,-139,-134,-155,-125,-100,-115,-109,-108,-74,-54,-56,-121,-122,-122,-122,-122,-122,-133,-122,-122,-122,-177,-177,-177,-177,-182,-177,-174,-156,-211,-146,-167,-116,-147,-124,-253,-240,-242,-153,-153,0,-272,-262,-368,-277,-264,-214,-1580,-1541]} 1. c4 c5 2. g3 g6 3. Bg2 Bg7 4. Nc3 Nc6 5. a3 d6 6. Rb1 a5 7. d3 e5 8. Nf3 {[%cal Bg1f3,Bf3e1,Be1c2,Bc2e3][%mdl 32]} Nge7 9. O-O O-O 10. Bd2 h6 11. Ne1 Be6 12. Nc2 d5 {A37: Symmetrical English vs ...g6: 4 Bg2 Bg7 5 Nf3} 13. cxd5 Nxd5 14. Ne3 Nde7 (14... Nb6 15. Ne4 Qe7 16. Qc1 Nd7 17. Nc3 Kh7 18. Ned5 Qd8 19. e3 Rc8 20. Qc2 {1-0 (57) Mchedlishvili,M (2604)-Parligras,M (2616) Heraklio 2017}) 15. Na4 b6 {[%cal Bb7b6,Bb6b5][%mdl 32]} 16. b4 cxb4 17. axb4 {LiveBook: 22 Games. Strongly threatening b5.} b5 $1 {[%cal Rb5a4]} 18. Nc5 Ba2 19. Nb7 ({White should play} 19. bxa5 $11 Bxb1 20. Qxb1) 19... Qd7 $146 ({Predecessor:} 19... Qc7 20. Nxa5 Bxb1 21. Qxb1 {½-½ (46) Tonoli,W (2285)-Pirisi,G (2385) Sas van Gent 1990}) 20. Nxa5 Bxb1 21. Nxc6 (21. Qxb1 $15 Nd4 22. Re1) 21... Nxc6 $17 22. Qxb1 Nd4 23. Re1 {[#]} e4 $1 {[%mdl 512]} 24. Kf1 {[#]} (24. dxe4 Nxe2+) 24... Ra3 $1 {aiming for ...exd3.} 25. Bxe4 Qh3+ 26. Bg2 Qxh2 27. Nc2 Rb3 28. Qa2 Nxc2 $40 {[%mdl 128] Black mounts an attack.} 29. Qxb3 (29. Qxc2 $15 Rb2 30. Qc1) 29... Nxe1 30. Bxe1 Rc8 {White must now prevent ...Rc1.} 31. Bd2 h5 32. e3 h4 33. gxh4 Qxh4 34. d4 (34. Ke2 $17) 34... Qg4 $19 35. Qb1 Bf6 36. Be1 Kg7 37. Bd2 Rc7 38. Be1 (38. Qb3 $17) 38... Be7 39. Qe4 Qg5 ({Better is} 39... Qd7 $19 40. Qe5+ f6) 40. f4 Qf6 41. Ke2 {[#]} (41. Qe5 $17 {was necessary.} Rc1 42. Ke2) 41... Bd6 $1 42. Qd3 Qe7 43. Qe4 Qf6 (43... Qf8 $17 44. Bd2 f6) 44. Qd3 $1 Qe6 45. Kf3 (45. d5 {keeps fighting.} Qg4+ 46. Bf3) 45... Rc4 46. Bc3 {Threatening d5+.} Qc8 47. Ba1 $2 (47. Bd2) 47... Qa8+ {Precision: White = 46%, Black = 78%.} 0-1

[Event "XLIII Sevilla Open 2018"]
[Site "Sevilla"]
[Date "2018.01.16"]
[Round "5"]
[White "Bjerre, Jonas Buhl"]
[Black "Xu, Yi"]
[Result "1/2-1/2"]
[WhiteElo "2367"]
[BlackElo "2482"]
[Annotator "TA"]
[PlyCount "60"]
[EventDate "2018.??.??"]
[EventType "swiss"]
[EventCountry "ESP"]
[SourceTitle "playchess.com"]
[Source "ChessBase"]
[SourceQuality "1"]

{[%evp 11,60,10,18,12,12,0,6,-3,6,6,6,0,0,0,0,0,0,0,8,6,13,0,15,6,7,0,27,17,17,16,22,5,15,0,0,-22,-16,-31,-31,-34,-33,-47,22,19,18,12,14,0,0,-3,0]} 1. e4 e5 2. Nf3 Nc6 3. Bc4 Bc5 4. c3 Nf6 5. d3 d6 6. O-O h6 7. a4 {[#] aiming for b4. C54: Giuoco Piano: 4 c3 Nf6, main lines with 5 d4 and 5 d3} (7. b4 Bb6 8. Nbd2 Ne7 9. Bb3 c6 10. d4 Ng6 11. Nc4 O-O 12. dxe5 dxe5 13. Qxd8 Bxd8 14. Ncxe5 Nxe5 15. Nxe5 Nxe4 {0-1 (67) Kravtsiv,M (2672)-Grischuk,A (2772) Riadh 2017}) 7... a5 8. Na3 O-O 9. Nc2 Be6 10. Bxe6 fxe6 11. Be3 (11. Qe2 {is more complex.} Qe8 12. Bd2 Bb6 13. h3 Ne7 14. d4) 11... Bxe3 12. Nxe3 Qe8 13. Nd2 {[#]} b6 $146 ({Predecessor:} 13... Nd7 14. Ndc4 Nc5 {0-1 (35) Fressinet,L (2662)-Anton Guijarro,D (2666) Riadh 2017}) 14. Qb3 Nh5 15. Qb5 Rd8 16. Rad1 Kh8 17. Nb3 Nf6 18. f3 Qd7 19. d4 exd4 20. Nxd4 Nxd4 21. Rxd4 Qe7 22. Rfd1 Nd7 23. Qh5 Ne5 24. Ng4 Nxg4 25. Qxg4 e5 26. R4d3 Qd7 (26... Ra8 $15) 27. Qxd7 $11 {The position is equal.} Rxd7 28. Kf2 Kg8 29. Ke2 Kf7 30. R3d2 Ke6 {Precision: White = 25%, Black = 64%.} 1/2-1/2

[Event "XLIII Sevilla Open 2018"]
[Site "Sevilla"]
[Date "2018.01.16"]
[Round "5"]
[White "Barrero Garcia, Carlos"]
[Black "Pap, Misa"]
[Result "0-1"]
[WhiteElo "2321"]
[BlackElo "2491"]
[Annotator "TA"]
[PlyCount "64"]
[EventDate "2018.??.??"]
[EventType "swiss"]
[EventCountry "ESP"]
[SourceTitle "playchess.com"]
[Source "ChessBase"]
[SourceQuality "1"]

{[%evp 21,64,-6,21,0,0,-28,-17,-28,-13,-24,-36,-36,-32,-39,-36,-39,-13,-10,-19,-28,-15,-33,-22,-92,-85,-74,-47,-64,-45,-40,-45,-179,-64,-183,-116,-331,-178,-732,-52,-986,-964,-945,-934,-1641,-1627]} 1. Nf3 c5 2. b3 d5 3. e3 Nc6 4. Bb5 Bd7 5. O-O Nf6 6. Bb2 e6 7. d3 Be7 8. Bxc6 Bxc6 9. Ne5 Rc8 10. f4 O-O 11. Nd2 b5 {LiveBook: 3 Games} 12. Rf3 {A03: Bird's Opening with 1...d5} (12. Ndf3 Bb7 13. Qe2 a5 14. Rad1 a4 15. Qe1 Ra8 16. a3 axb3 17. cxb3 d4 18. exd4 cxd4 19. b4 Bxf3 20. Nxf3 {1-0 (48) Acosta,P (2428)-Mussanti,D (2232) Mar del Plata 2017}) 12... d4 13. Nxc6 $146 ({Predecessor:} 13. e4 Nd7 14. Nxc6 Rxc6 15. Rh3 Re8 16. Qh5 Nf8 17. Nf3 f6 18. g4 Rc7 19. Rf1 Bd6 {½-½ (35) Kuess,M (2138)-Hafner,R (2121) St Veit 2006}) 13... Rxc6 14. a4 {The position is equal.} a6 15. axb5 axb5 16. e4 {[#]} e5 $1 {[%mdl 512]} 17. f5 (17. fxe5 Ng4) 17... Ng4 18. Nf1 Bg5 19. Bc1 Bxc1 20. Rxc1 c4 21. bxc4 bxc4 22. Rg3 {[#]} (22. h3 $11 {remains equal.} Nf6 23. Nd2) 22... Nf6 $1 $36 {[%mdl 2048] Black is in control.} 23. Nd2 c3 24. Nf3 Qc7 25. Ne1 Ra8 26. Rh3 (26. h3 $15) 26... Qa7 (26... Qb8 $19 {Strongly threatening ...Qb2.} 27. g4 Nd7) 27. Kf1 (27. g4 $15) 27... h5 ({Black should try} 27... Qb8 $19 {Threatens to win with ...Qb2.} 28. g4 h6) 28. Rh4 $2 (28. Rg3 $17) 28... Ng4 (28... Qb8 $142 29. h3 Rca6) 29. Kg1 $2 (29. Rxg4 hxg4 30. Qxg4) 29... g6 $2 (29... Ne3 $19 30. Qxh5 Rh6) 30. h3 $2 {[%mdl 8192]} (30. fxg6 $15 fxg6 31. Rxg4 hxg4 32. Qxg4) 30... Ne3 $1 $19 {[%csl LRd1,LRf5] Black is clearly winning.} 31. Qe2 Qa3 32. Rb1 {[#]} Qb2 $1 {[%mdl 512] Precision: White = 24%, Black = 36%.} 0-1

[Event "XLIII Sevilla Open 2018"]
[Site "Sevilla"]
[Date "2018.01.16"]
[Round "5"]
[White "Biedma Martin, Enrique"]
[Black "Gomez Ledo, Roberto Carlos"]
[Result "0-1"]
[WhiteElo "2280"]
[BlackElo "2436"]
[Annotator "TA"]
[PlyCount "171"]
[EventDate "2018.??.??"]
[EventType "swiss"]
[EventCountry "ESP"]
[SourceTitle "playchess.com"]
[Source "ChessBase"]
[SourceQuality "1"]

{[%evp 18,171,49,45,57,30,29,30,73,63,77,68,79,81,69,56,66,53,85,23,39,39,47,52,34,44,50,43,61,57,61,58,62,61,68,66,73,75,75,39,50,39,33,37,37,34,32,21,32,33,30,0,14,0,0,4,9,0,0,0,0,-29,8,0,0,0,0,0,0,-34,0,-126,-10,-286,-260,-244,-176,-210,-206,-302,-237,-240,-243,-310,-289,-261,-261,-316,-217,-313,-313,-436,-422,-408,-429,-422,-423,-509,-501,-501,-479,-479,-479,-462,-441,-460,-452,-430,-375,-375,-359,-594,-594,-587,-559,-595,-523,-516,-514,-509,-496,-466,-402,-467,-427,-367,-360,-353,-269,-325,0,-337,-322,-266,-277,-347,-265,-465,-471,-466,-433,-394,-403,-1502,-1252,-5122,-1776,-29984,-29985,-29983,-5089,-29987,-29985,-29985,-29986,-29990]} 1. Nf3 Nf6 2. c4 d6 3. d4 Nbd7 4. Nc3 e5 5. e4 Be7 6. Be2 O-O 7. O-O Re8 8. Re1 {A55: Old Indian Defence with Nf3 and e4} Bf8 9. Bf1 exd4 (9... g6 10. Rb1 a5 11. b3 exd4 12. Nxd4 Nc5 13. f3 c6 14. Bg5 h6 15. Bh4 g5 {0-1 (47) Giri,A (2737)-Granda Zuniga,J (2664) Tromsoe 2013}) 10. Nxd4 {LiveBook: 8 Games. White is slightly better.} Ne5 $146 ({Predecessor:} 10... a5 11. Ndb5 h6 12. Bf4 b6 13. Qd2 Bb7 14. f3 Nc5 15. Rad1 Nfd7 16. Be3 {1-0 (50) Gallego Alcaraz,A (2457)-Escobar Forero,A (2493) Ibague 2017}) 11. f3 a6 12. Be3 Bd7 13. a4 g6 14. Qd2 Nh5 15. a5 c5 16. Nc2 $1 Be6 17. Nd5 Bxd5 $1 18. Qxd5 (18. cxd5 $16 Rc8 19. Be2) 18... Nc6 19. Qd2 Ng7 20. Bg5 Be7 21. Bxe7 Qxe7 22. Ne3 Nb4 23. Nd5 Nxd5 24. cxd5 Qc7 25. b4 cxb4 26. Qxb4 Re7 27. Rec1 Qd7 28. Rc3 f5 29. Bd3 fxe4 30. Bxe4 Rf8 31. Rac1 {Strongly threatening Rc7!} Ne8 32. Rc8 Nf6 33. Rxf8+ Kxf8 34. Qd4 Kf7 35. h3 Qd8 36. Qb4 Rc7 37. Rxc7+ (37. Re1 {is more complex.} Re7 38. Kh2 Qc7 39. Rb1 Kg8 40. Bd3) 37... Qxc7 38. Kh2 Nd7 39. f4 Nc5 40. Bc2 Qe7 41. Qd2 Qf6 42. Qe3 Qb2 43. Bd1 Qf6 44. g4 {[#]} (44. Bc2 $11) 44... Qa1 (44... Qb2+ $1 $17 45. Kg3 Qa1) 45. Bf3 $2 {[%mdl 8192]} (45. Qd2 $11 {and White stays safe.}) 45... Qxa5 $19 46. f5 Qa2+ 47. Kg3 Qb2 48. Qg5 (48. g5 {is a better defense.}) 48... Qf6 49. Qh6 Qg7 50. Qg5 Qe5+ 51. Kg2 a5 52. h4 Nd3 53. Qd8 (53. fxg6+ $142 hxg6 54. Qxe5 Nxe5 55. Bd1) 53... gxf5 54. gxf5 Ne1+ 55. Kf2 Nxf3 56. Kxf3 Qxf5+ {[%mdl 4096] Endgame KQ-KQ} 57. Kg3 {If only White now had time for Qc7+....} Qe5+ 58. Kg4 Qe4+ 59. Kg3 Qxd5 60. Qd7+ Kf8 61. Qd8+ Kg7 62. Qd7+ Qf7 63. Qb5 Qg6+ 64. Kh3 $2 (64. Kf3 {is the only way for White.}) 64... Qe6+ 65. Kg2 Qe4+ 66. Kh3 Qe3+ 67. Kg2 Qd2+ 68. Kf1 Qd1+ 69. Kf2 Qc2+ 70. Ke1 Qc3+ 71. Kf1 Qa1+ 72. Kg2 Qa2+ 73. Kg1 Qa1+ 74. Kg2 Qe5 75. Qxb7+ Kh6 76. Qa6 Qe4+ 77. Kg3 $2 (77. Kh3 Qe6+ 78. Kg2) 77... Kh5 78. Qc8 Qxh4+ 79. Kf3 Qf6+ 80. Ke4 (80. Ke2 $142) 80... a4 {[%cal Ba5a4,Ba4a3,Ba3a2][%mdl 32]} 81. Ke3 a3 {[#] aiming for ...a2.} 82. Qh3+ Kg6 83. Qh1 Qe5+ (83... a2 $142 84. Qe4+ Qf5 85. Qe8+ Kh6 86. Qa4 Qe5+ 87. Kd2 a1=Q 88. Qh4+ Qh5 89. Qf4+ Kg7 90. Qg3+ Kf7 91. Qf2+ Ke6 92. Qe2+ Qxe2+ 93. Kxe2 Qc3 94. Kf1 Qb2 95. Ke1 Ke5 96. Kf1 Kf4 97. Kg1 Kg3 98. Kh1 Qh2#) 84. Kf2 Qf5+ 85. Ke3 a2 86. Kd4 {Precision: White = 45%, Black = 58%.} 0-1

[Event "XLIII Sevilla Open 2018"]
[Site "Sevilla"]
[Date "2018.01.16"]
[Round "5"]
[White "Montecatine Rios, Ricardo"]
[Black "Lei, Tingjie"]
[Result "0-1"]
[WhiteElo "2150"]
[BlackElo "2531"]
[Annotator "TA"]
[PlyCount "56"]
[EventDate "2018.??.??"]
[EventType "swiss"]
[EventCountry "ESP"]
[SourceTitle "playchess.com"]
[Source "ChessBase"]
[SourceQuality "1"]

{[%evp 14,56,-10,-27,-14,-14,-15,-28,-14,-14,-13,-14,-2,-68,-56,-122,-123,-127,-126,-127,-114,-115,-106,-121,-122,-137,-122,-254,-247,-244,-250,-245,-234,-254,-239,-425,-419,-440,-402,-702,-676,-979,-961,-1041,-1006]} 1. d4 Nf6 2. c4 e6 3. Nc3 Bb4 4. f3 d5 5. a3 Bxc3+ 6. bxc3 c5 7. e3 O-O 8. Bd3 dxc4 {E24: Nimzo-Indian: Sämisch: Unusual Black 5th moves and 5...c5 sidelines} 9. Bxc4 Qc7 {Threatens to win with ...cxd4.} 10. Ba2 b6 {Black has an edge.} 11. Ne2 Ba6 12. O-O Nc6 13. e4 $146 ({White should try} 13. Re1 $11) ({Predecessor:} 13. Rf2 Rfd8 14. Qa4 Na5 15. e4 cxd4 16. cxd4 e5 17. Bb2 Bxe2 18. dxe5 Rd2 19. exf6 Rxb2 20. Bd5 Qc5 {0-1 (20) Rudd,J (2252)-Batchelor,P (2309) Llandudno 2017}) 13... Rfd8 $36 {[%cal Bf8d8,Bd8d7,Bd7d5][%mdl 2080] Strongly threatening ...cxd4. Black has some pressure.} 14. d5 (14. Be3 $15) 14... exd5 $17 15. exd5 Bxe2 16. Qxe2 Nxd5 17. Bg5 {[#]} Rd7 $1 18. Qc2 Qe5 19. Bxd5 Rxd5 20. f4 (20. Bh4 $17) 20... Qe3+ $19 21. Kh1 Re8 22. Qa4 Na5 {[%cal Bc6a5,Ba5c4,Bc4d2][%mdl 32]} 23. f5 Qe4 24. c4 $2 {[#]} (24. Qxe4 Rxe4 25. Rfd1 Rxd1+ 26. Rxd1) 24... Nxc4 25. Rf4 Qe5 26. Raf1 (26. Rg1 $142 Nb2 27. Qc6) 26... Nd2 {Black is clearly winning.} 27. Rd1 Ne4 28. Rdf1 Nxg5 {Precision: White = 33%, Black = 89%.} 0-1